<?xml version="1.0" encoding="UTF-8"?>
<record
    xmlns:xsi="http://www.w3.org/2001/XMLSchema-instance"
    xsi:schemaLocation="http://www.loc.gov/MARC21/slim http://www.loc.gov/standards/marcxml/schema/MARC21slim.xsd"
    xmlns="http://www.loc.gov/MARC21/slim">

  <leader>01247nam a2200253 ar4500</leader>
  <controlfield tag="001">3246</controlfield>
  <controlfield tag="005">20221127090716.0</controlfield>
  <controlfield tag="008">130505s        su            00010|ara d</controlfield>
  <datafield tag="020" ind1=" " ind2=" ">
    <subfield code="a">9789960546889</subfield>
  </datafield>
  <datafield tag="082" ind1="0" ind2="4">
    <subfield code="a">378.11</subfield>
    <subfield code="b">&#x643;786</subfield>
  </datafield>
  <datafield tag="100" ind1="1" ind2=" ">
    <subfield code="a">&#x643;&#x648;&#x641;&#x645;&#x627;&#x646;&#x60C; &#x62C;&#x64A;&#x645;&#x633; &#x631;.</subfield>
  </datafield>
  <datafield tag="245" ind1="1" ind2="2">
    <subfield code="a">&#x627;&#x644;&#x639;&#x645;&#x644; &#x648;&#x627;&#x644;&#x637;&#x645;&#x627;&#x646;&#x64A;&#x646;&#x629; &#x641;&#x64A; &#x627;&#x644;&#x628;&#x64A;&#x626;&#x629; &#x627;&#x644;&#x627;&#x643;&#x627;&#x62F;&#x64A;&#x645;&#x64A;&#x629; :</subfield>
    <subfield code="b">&#x627;&#x633;&#x62A;&#x62B;&#x645;&#x627;&#x631; &#x627;&#x644;&#x648;&#x642;&#x62A; &#x648;&#x627;&#x644;&#x645;&#x627;&#x644; &#x648;&#x627;&#x644;&#x637;&#x627;&#x642;&#x629; &#x627;&#x644;&#x641;&#x643;&#x631;&#x64A;&#x629; &#x639;&#x628;&#x631; &#x627;&#x62F;&#x627;&#x631;&#x629; &#x627;&#x644;&#x635;&#x631;&#x627;&#x639; /</subfield>
    <subfield code="c">&#x62C;&#x64A;&#x645;&#x633; &#x643;&#x648;&#x641;&#x645;&#x627;&#x646; &#x61B; &#x62A;&#x631;&#x62C;&#x645;&#x629; &#x645;&#x62C;&#x62F; &#x627;&#x644;&#x627;&#x628;&#x631;&#x627;&#x647;&#x64A;&#x645; &#x61B; &#x645;&#x631;&#x627;&#x62C;&#x639;&#x629; &#x645;&#x62D;&#x645;&#x62F; &#x62E;&#x644;&#x64A;&#x644;.</subfield>
  </datafield>
  <datafield tag="250" ind1=" " ind2=" ">
    <subfield code="a">&#x637;. 1.</subfield>
  </datafield>
  <datafield tag="260" ind1=" " ind2=" ">
    <subfield code="a">&#x627;&#x644;&#x631;&#x64A;&#x627;&#x636; :</subfield>
    <subfield code="b">&#x645;&#x643;&#x62A;&#x628;&#x629; &#x627;&#x644;&#x639;&#x628;&#x64A;&#x643;&#x627;&#x646;&#x60C;</subfield>
    <subfield code="c">2010.</subfield>
  </datafield>
  <datafield tag="300" ind1=" " ind2=" ">
    <subfield code="a">282 &#x635;. &#x61B;</subfield>
    <subfield code="c">24 &#x633;&#x645;.</subfield>
  </datafield>
  <datafield tag="440" ind1=" " ind2="0">
    <subfield code="a">&#x645;&#x634;&#x631;&#x648;&#x639; &#x627;&#x644;&#x62A;&#x631;&#x62C;&#x645;&#x629; &#x627;&#x644;&#x645;&#x634;&#x62A;&#x631;&#x643; &#x61B;</subfield>
    <subfield code="v">43.</subfield>
  </datafield>
  <datafield tag="500" ind1=" " ind2=" ">
    <subfield code="a">&#x62A;&#x631;&#x62C;&#x645;&#x629; &#x644;&#x643;&#x62A;&#x627;&#x628;: Work &amp; peace in academe / James Coffman. 2005.</subfield>
  </datafield>
  <datafield tag="504" ind1=" " ind2=" ">
    <subfield code="a">&#x64A;&#x62A;&#x636;&#x645;&#x646; &#x627;&#x631;&#x62C;&#x627;&#x639;&#x627;&#x62A; &#x628;&#x628;&#x644;&#x64A;&#x648;&#x62C;&#x631;&#x627;&#x641;&#x64A;&#x629;.</subfield>
  </datafield>
  <datafield tag="650" ind1=" " ind2="4">
    <subfield code="a">&#x627;&#x644;&#x62C;&#x627;&#x645;&#x639;&#x627;&#x62A; &#x648;&#x627;&#x644;&#x643;&#x644;&#x64A;&#x627;&#x62A;</subfield>
    <subfield code="x">&#x647;&#x64A;&#x626;&#x629; &#x627;&#x644;&#x62A;&#x62F;&#x631;&#x64A;&#x633;.</subfield>
  </datafield>
  <datafield tag="650" ind1=" " ind2="4">
    <subfield code="a">&#x627;&#x644;&#x62C;&#x627;&#x645;&#x639;&#x627;&#x62A; &#x648;&#x627;&#x644;&#x643;&#x644;&#x64A;&#x627;&#x62A;</subfield>
    <subfield code="x">&#x647;&#x64A;&#x626;&#x629; &#x627;&#x644;&#x62A;&#x62F;&#x631;&#x64A;&#x633;</subfield>
    <subfield code="x">&#x62D;&#x642;&#x648;&#x642; &#x648;&#x627;&#x645;&#x62A;&#x64A;&#x627;&#x632;&#x627;&#x62A;.</subfield>
  </datafield>
  <datafield tag="650" ind1=" " ind2="4">
    <subfield code="a">&#x627;&#x644;&#x62C;&#x627;&#x645;&#x639;&#x627;&#x62A; &#x648;&#x627;&#x644;&#x643;&#x644;&#x64A;&#x627;&#x62A;</subfield>
    <subfield code="x">&#x62A;&#x646;&#x638;&#x64A;&#x645; &#x648;&#x627;&#x62F;&#x627;&#x631;&#x629;.</subfield>
  </datafield>
  <datafield tag="650" ind1=" " ind2="4">
    <subfield code="a">&#x62D;&#x644; &#x627;&#x644;&#x645;&#x634;&#x643;&#x644;&#x627;&#x62A;.</subfield>
  </datafield>
  <datafield tag="700" ind1="0" ind2=" ">
    <subfield code="a">&#x627;&#x644;&#x627;&#x628;&#x631;&#x627;&#x647;&#x64A;&#x645;&#x60C; &#x645;&#x62C;&#x62F;&#x60C;</subfield>
    <subfield code="e">&#x645;&#x62A;&#x631;&#x62C;&#x645;.</subfield>
  </datafield>
  <datafield tag="999" ind1=" " ind2=" ">
    <subfield code="c">3244</subfield>
    <subfield code="d">3244</subfield>
  </datafield>
  <datafield tag="952" ind1=" " ind2=" ">
    <subfield code="0">0</subfield>
    <subfield code="1">0</subfield>
    <subfield code="2">DDC</subfield>
    <subfield code="4">0</subfield>
    <subfield code="7">0</subfield>
    <subfield code="a">CENTRAL</subfield>
    <subfield code="b">CENTRAL</subfield>
    <subfield code="d">2022-11-27</subfield>
    <subfield code="l">0</subfield>
    <subfield code="o">378.11 DF786</subfield>
    <subfield code="p">1000000008294</subfield>
    <subfield code="r">2022-11-27 00:00:00</subfield>
    <subfield code="t">C1</subfield>
    <subfield code="w">2022-11-27</subfield>
    <subfield code="y">BK</subfield>
  </datafield>
  <datafield tag="952" ind1=" " ind2=" ">
    <subfield code="0">0</subfield>
    <subfield code="1">0</subfield>
    <subfield code="2">ddc</subfield>
    <subfield code="4">0</subfield>
    <subfield code="7">0</subfield>
    <subfield code="a">CENTRAL</subfield>
    <subfield code="b">CENTRAL</subfield>
    <subfield code="d">2024-07-02</subfield>
    <subfield code="l">0</subfield>
    <subfield code="o">378.11 DF786</subfield>
    <subfield code="p">1000000018605</subfield>
    <subfield code="r">2024-07-02 07:59:15</subfield>
    <subfield code="t">C2</subfield>
    <subfield code="w">2024-07-02</subfield>
    <subfield code="y">BK-AR</subfield>
  </datafield>
</record>
